Německo-český a česko-německý slovník Česko-německá část

Saved in:
Bibliographic Details
Format: Book
Language:Czech
German
Published: Praha Stát. ped. nakl. 1988
Edition:5. vyd.
Series:Střední slovníky oboustranné
Tags: Add Tag
No Tags, Be the first to tag this record!

MARC

LEADER 00000nam a2200000 4500
001 c035901
005 20250711101426.9
041 0 |a cze 
041 0 |a ger 
044 |a CZ 
245 1 0 |a Německo-český a česko-německý slovník  |b Česko-německá část  |c František Widimský 
250 |a 5. vyd. 
264 1 |a Praha  |b Stát. ped. nakl.  |c 1988 
300 |a S.1023-1990 
490 1 |a Střední slovníky oboustranné 
830 0 |a Střední slovníky oboustranné